Science Quiz

Random Science or Astronomy Quiz

Map of the Moon Quiz Stats

 Plays Quiz Updated May 11, 2015

Also try: Phases of the Moon
Challenge
Share
Tweet
Score 0/22 Timer 08:00
0 Plays Today
% Correct
Sea of Tranquility
83%
Tycho Crater
43.8%
Copernicus Crater
41.4%
Sea of Serenity
40.8%
Sea of Cold
40%
Sea of Showers
40%
Ocean of Storms
39.6%
Plato Crater
39.4%
Sea of Clouds
37.7%
Kepler Crater
35.7%
Sea of Fertility
35.6%
% Correct
Sea of Crises
35.5%
Sea of Nectar
34.3%
Sea of Moisture
33.6%
Sea of Vapours
32.5%
Sea that has Become Known
31.5%
Sea of Islands
30.7%
Grimaldi Crater
30.2%
Aristarchus Crater
30.2%
Stevinus Crater
26.8%
Byrgius Crater
26%
Langrenus Crater
25.9%

You're not logged in!

Compare scores with friends on all Sporcle quizzes.
OR
Log In

You Might Also Like...

Show Comments

Extras

Top Quizzes Today


Score Distribution

Your Account Isn't Verified!

In order to create a playlist on Sporcle, you need to verify the email address you used during registration. Go to your Sporcle Settings to finish the process.

Report this User

Report this user for behavior that violates our Community Guidelines.

Details: